000
00293nam a2200109Ia 4500
008
200302s9999 xx 000 0 und d
100
_a
Victor Gruen
245
_a
The Heart of Our Cities The Urban Crisis ; Diagnosis and Cure
260
_b
Simon and Schuster
260
_c
1964
300
_a
368 P.,
999
_c
5617
_d
5617